Trenerzy Manchesteru United w XXI wieku - Statystyki

Ogólne statystyki
  • Ten quiz został rozwiązany 1 560 razy
    183 od ostatniego zresetowania
  • Średni wynik to 9 z 11
Statystyki odpowiedzi
Lata Narodowość Trener % Poprawnych
1986-2013 Szkocja Alex Ferguson
97%
2024- Portugalia Ruben Amorim
93%
2022-2024 Holandia Erik ten Hag
91%
2016-2018 Portugalia Jose Mourinho
88%
2018-2021 Norwegia Ole Gunnar Solskjaer
86%
2014-2016 Holandia Louis van Gaal
79%
2014 Walia Ryan Giggs
75%
2013-2014 Szkocja David Moyes
71%
2021 Anglia Michael Carrick
65%
2021-2022 Niemcy Ralf Rangnick
60%
2024 Holandia Ruud van Nistelrooy
60%
Nie znaleziono quizów pasujących do podanych kryteriów
Rozkład punktacji
Procent ludzi z każdym wynikiem
Percentyl według liczby udzielonych odpowiedzi
Twoja historia wyników
Nie rozwiązałeś tego quizu od ostatniego zresetowania